Every Artist To Feature On A NF Album - Statistics

General Stats
  • This quiz has been taken 7 times
  • The average score is 7 of 13
Answer Stats
Album Track Artist % Correct
CLOUDS LOST Hopsin
83%
HOPE CAREFUL Cordae
67%
HOPE GONE Julia Michaels
67%
Perception 10 Feet Down Ruelle
67%
CLOUDS TRUST Tech N9ne
67%
Mansion Can You Hold Me Britt Nicole
50%
Mansion Mansion Fleurie
50%
Therapy Session Grindin' Marty
50%
FEAR WHO I WAS mgk
50%
The Search Only Sasha Alex Sloan
50%
Therapy Session Lost in the Moment Andreas Moss
33%
Mansion I'll Keep On Jeremiah Carlson
33%
FEAR SORRY James Author
17%
No matching quizzes found
Score Distribution
Percent of People with Each Score
Percentile by Number Answered
Your Score History
You have not taken this quiz